LEADER 00989cam0-2200325---450- 001 990008475610403321 005 20111109165451.0 010 $a88-7042-870-2 035 $a000847561 035 $aFED01000847561 035 $a(Aleph)000847561FED01 035 $a000847561 100 $a20070228d1985----km-y0itay50------ba 101 1 $aita$ceng 102 $aIT 105 $a--------001ay 200 1 $aAlcuin o il paradiso delle donne$e1798-1815$fCharles Brockden Brown$gintroduzione di Rosella Mamoli Zorzi$gtraduzione, nota biografica e note di Paola Menegazzi 210 $aNapoli$cGuida$d1985 215 $a97 p.$d23 cm 225 1 $aUtopisti$v12 676 $a813.2 700 1$aBrown,$bCharles Brockden$0196359 801 0$aIT$bUNINA$gRICA$2UNIMARC 901 $aBK 912 $a990008475610403321 952 $aSDI-KH 409$b3858$fSDI 952 $a813.2 BROWN 1$bDip.fil.1600$fFLFBC 959 $aSDI 996 $aAlcuin o il paradiso delle donne$9730047 997 $aUNINA LEADER 03054 am 2200793 n 450 001 9910416479403321 005 20191127 010 $a2-8107-0886-X 024 7 $a10.4000/books.pumi.18692 035 $a(CKB)4100000010352288 035 $a(FrMaCLE)OB-pumi-18692 035 $a(oapen)https://directory.doabooks.org/handle/20.500.12854/53510 035 $a(PPN)243135823 035 $a(EXLCZ)994100000010352288 100 $a20200227j|||||||| ||| 0 101 0 $afre 135 $auu||||||m|||| 181 $ctxt$2rdacontent 182 $cc$2rdamedia 183 $acr$2rdacarrier 200 10$aMilitantisme et histoire /$fMarie-Danielle Demélas 210 $aToulouse $cPresses universitaires du Midi$d2019 215 $a1 online resource (326 p.) 311 $a2-85816-522-X 330 $aEn référence à l'?uvre de Rolande Trempé (historienne du mouvement ouvrier) ont été rassemblées des contributions d'historiens, de sociologues, de juristes, de syndicalistes et de militants. Elles traitent de cas aussi divers que la Commune de Paris, la Guerre d'Algérie, les nationalisations mexicaines, les grèves françaises de décembre 1995 Mai 68, l'expérience des Gardes rouges, les femmes dans la Résistance... Leur fil directeur est une réflexion sur les rapports entre l'action et l'écriture de l'histoire, sur les difficultés à concilier militantisme, témoignage et distanciation de l'historien. 606 $aHistory 606 $amilitantisme 606 $ahistoire 606 $asyndicat 606 $atémoignage 610 $ahistoire 610 $amilitantisme 610 $asyndicat 610 $atémoignage 615 4$aHistory 615 4$amilitantisme 615 4$ahistoire 615 4$asyndicat 615 4$atémoignage 700 $aBennassar$b Bartolomé$0387090 701 $aBlondeau$b Achille$01293908 701 $aBoscus$b Alain$01287187 701 $aCazals$b Rémy$0376073 701 $aChambellan$b Colette$01311410 701 $aDjamila Amrane Minne$b Danièle$01311411 701 $aDreyfus$b Michel$0249391 701 $aFortunet$b Françoise$01309966 701 $aGérôme$b Noëlle$01311412 701 $aKourchid$b Olivier$01311413 701 $aLacroix-Riz$b Annie$0688726 701 $aLagana$b Marc$01311414 701 $aLeterrier$b Jean-Michel$01311415 701 $aLévy$b Catherine$01311416 701 $aMoissonnier$b Henriette$01311417 701 $aMoissonnier$b Maurice$0676156 701 $aPailler$b Aline$01311418 701 $aPech$b Rémy$01284967 701 $aPerrot$b Michelle$0140546 701 $aPey$b Serge$01311419 701 $aPlanès$b Xiaohong Xiao$01311420 701 $aRivera Castro$b José$01311421 701 $aWallach Scott$b Joan$01311422 701 $aWillard$b Claude$0173520 701 $aDemélas$b Marie-Danielle$0434684 801 0$bFR-FrMaCLE 906 $aBOOK 912 $a9910416479403321 996 $aMilitantisme et histoire$93030330 997 $aUNINA